000 00616nam a2200205Ia 4500
005 20250326144504.0
008 250326s9999 xx 000 0 und d
020 _a978-1-59139-301-6
037 _aTextbook
040 _aFMSL
_beng
_cFMSL
041 _aeng
_2eng
084 _aX:81 P7
_qFMSL
100 _aSonnenfeld J
_9749748
245 0 _aFiring back : how great leaders rebound after career disasters
_cSonnenfeld J; Ward A
260 _aBoston
_bBoston, Harvard Business School
_c2007
300 _ax,306
365 _b1454.6714999999999
942 _cTB
_hX:81 P7
999 _c1303895
_d1303895